00472nam a2200157Ia 4500008004100000020001500041082001300056100002100069245005700090250000700147260004000154300003000194500001900224600002100243650005000264240925s9999 xx 000 0 und d a817808984x a005.1LEV aLevitin , Anany 0aIntroduction to the Design & Analysis of Algorithms  aNA aIndiana:bPearson Educationc,2004. axiii,737p.bNAfPhotocopy aIncludes Index aComputer Science aComputer science, information & general works